Mír chýším! Válku palácům! výbor z díla

Podrobná bibliografia
Hlavný autor: Büchner, Georg, 1813-1837 (Autor)
Ďalší autori: Vápeník, Rudolf, 1911-1990 (trl, 4 aui)
Médium: Kniha
Jazyk:čeština
nemčina
Fyzický popis:145 s.
Vyd.1.
Vydavateľské údaje: Praha Nakladatelství Svoboda 1950
Vydanie:1. čes. vyd.
Edícia:Světová četba sv.28.
Predmet:

MARC

LEADER 00000nam a2200000 a 4500
001 vtls001461428
003 SK-MaSNL
005 20260301203330.0
008 251104s1950 xr 0 cze
035 |a SNK000416735 
040 |a SNK  |b slo  |c SNK  |e AACR2 
041 |a cze  |h ger 
044 |a xz  |c CS 
080 |a 821.112.2-2  |2 2001 
080 |a 821.112.2-32  |2 2001 
100 1 |a Büchner, Georg,  |d 1813-1837  |4 aut  |9 238669 
245 1 0 |a Mír chýším! Válku palácům!  |b výbor z díla  |c Georg Büchner ; podle kritického znění německého orig., přeložil a úvod i poznámky napsal Rudolf Vápeník 
250 |a 1. čes. vyd. 
260 |a Praha  |b Nakladatelství Svoboda  |c 1950 
300 |a 145 s. 
300 |a Vyd.1. 
366 |e 10750 výtl. 
490 1 |a Světová četba  |v sv.28. 
650 0 7 |a nemecká literatúra  |2 SNKPH  |9 1195 
655 7 |a divadelné hry  |2 SNKPH  |9 70577 
655 7 |a nemecké novely  |2 SNKPH  |9 70655 
700 1 |a Vápeník, Rudolf,  |d 1911-1990  |4 trl, 4 aui  |9 184395 
999 |c 902242  |d 904172 
952 |a SNK  |b SNK  |y VYP  |7 0  |o snkID 4965/28   |0 0  |1 0  |4 0  |d 2003-10-15  |l 0  |r 2005-01-02 00:00:00  |w 2026-02-24